Разработка метода оценки характеристик ливневых осадков по радиационному фону приземной атмосферы: диссертация на соискание ученой степени кандидата технических наук; спец. 2.2.8
| Autor principal: | |
|---|---|
| Autor Corporativo: | |
| Otros Autores: | |
| Sumario: | Заглавие с титульного экрана Электронная версия печатной публикации Защита сост. 15.06.2022 г. |
| Lenguaje: | ruso |
| Publicado: |
Томск, 2022
|
| Materias: | |
| Acceso en línea: | http://earchive.tpu.ru/handle/11683/70698 |
| Formato: | MixedMaterials Electrónico Libro |
| KOHA link: | https://koha.lib.tpu.ru/cgi-bin/koha/opac-detail.pl?biblionumber=368678 |
MARC
| LEADER | 00000nlm0a2200000 4500 | ||
|---|---|---|---|
| 001 | 368678 | ||
| 005 | 20240115134338.0 | ||
| 035 | |a (RuTPU)RU\TPU\retro\26060 | ||
| 035 | |a RU\TPU\retro\26056 | ||
| 090 | |a 368678 | ||
| 100 | |a 20220418d2022 k y0rusy50 ca | ||
| 101 | 0 | |a rus | |
| 102 | |a RU | ||
| 105 | |a a m 000zy | ||
| 135 | |a drcn ---uucaa | ||
| 181 | 0 | |a i | |
| 182 | 0 | |a b | |
| 200 | 1 | |a Разработка метода оценки характеристик ливневых осадков по радиационному фону приземной атмосферы |e диссертация на соискание ученой степени кандидата технических наук |e спец. 2.2.8 |f А. С. Зелинский |g Национальный исследовательский Томский политехнический университет ; науч. рук. В. С. Яковлева | |
| 203 | |a Текст |c электронный | ||
| 210 | |a Томск |d 2022 | ||
| 215 | |a 1 файл (4 572 КБ) | ||
| 300 | |a Заглавие с титульного экрана | ||
| 300 | |a Электронная версия печатной публикации | ||
| 300 | |a Защита сост. 15.06.2022 г. | ||
| 606 | 1 | |a Осадки |x Расчет |2 stltpush |3 (RuTPU)RU\TPU\subj\47516 |9 66443 | |
| 610 | 1 | |a электронный ресурс | |
| 610 | 1 | |a диссертации | |
| 610 | 1 | |a труды учёных ТПУ | |
| 610 | 1 | |a жидкие осадки | |
| 610 | 1 | |a атмосферные осадки | |
| 610 | 1 | |a осадкомеры | |
| 610 | 1 | |a дистанционное зондирование | |
| 610 | 1 | |a методы измерения | |
| 610 | 1 | |a гамма-фон | |
| 610 | 1 | |a гамма-излучения | |
| 610 | 1 | |a радионуклиды | |
| 610 | 1 | |a математические модели | |
| 610 | 1 | |a ливневые осадки | |
| 610 | 1 | |a приземная атмосфера | |
| 610 | 1 | |a радиационный фон | |
| 610 | 1 | |a радон | |
| 610 | 1 | |a плотность потока | |
| 675 | |a 556.123(04) |v 4 | ||
| 686 | |a 05.11.13 |2 oksvnk | ||
| 700 | 1 | |a Зелинский |b А. С. |g Алексей Сергеевич | |
| 702 | 1 | |a Яковлева |b В. С. |c физик |c доцент Томского политехнического университета, кандидат физико-математических наук |f 1970- |g Валентина Станиславовна |3 (RuTPU)RU\TPU\pers\25838 |4 727 |9 11711 | |
| 712 | 0 | 2 | |a Национальный исследовательский Томский политехнический университет |b Инженерная школа ядерных технологий |b Отделение ядерно-топливного цикла |3 (RuTPU)RU\TPU\col\23554 |
| 801 | 2 | |a RU |b 63413507 |c 20221220 |g RCR | |
| 856 | 4 | |u http://earchive.tpu.ru/handle/11683/70698 | |
| 942 | |c CF | ||